000 00363nam a2200133Ia 4500
008 231129s1999||||xx |||||||||||||| ||spa||
020 _a958-30-0572-X
040 _bspa
082 _aCo863.086 C965
245 0 _aCuentos costumbristas colombianos: obras maestras
260 _c1999
264 _aPanamericana
942 _2ddc
_cBKS
999 _c847
_d847